| 000 | 01880nam a2200385 a 4500 | ||
|---|---|---|---|
| 001 | ebr10312792 | ||
| 003 | CaPaEBR | ||
| 006 | m u | ||
| 007 | cr cn||||||||| | ||
| 008 | 071022s2008 mau sb 001 0 eng | ||
| 010 | _z 2007043818 | ||
| 015 |
_aGBA848072 _2bnb |
||
| 016 | 7 |
_z014566932 _2Uk |
|
| 020 | _z9780674016705 (alk. paper) | ||
| 020 | _z067401670X (alk. paper) | ||
| 040 |
_aCaPaEBR _cCaPaEBR |
||
| 035 | _a(OCoLC)431351552 | ||
| 050 | 1 | 4 |
_aBJ37 _b.T49 2008eb |
| 082 | 0 | 4 |
_a191 _222 |
| 100 | 1 |
_aThompson, Michael, _d1959- |
|
| 245 | 1 | 0 |
_aLife and action _h[electronic resource] : _belementary structures of practice and practical thought / _cMichael Thompson. |
| 260 |
_aCambridge, Mass. : _bHarvard University Press, _c2008. |
||
| 300 | _avi, 223 p. | ||
| 504 | _aIncludes bibliographical references and index. | ||
| 505 | 0 | _aPart I: The representation of life -- Can life be given a real definition? -- The representation of the living individual -- The representation of the life-form itself -- Part II: Naive action theory -- Types of practical explanation -- Naive explanation of action -- Action and time -- Part III: Practical generality -- Two tendencies in practical philosophy -- Practices and dispositions as sources of the goodness of individual actions -- Practice and disposition as sources of individual action. | |
| 533 |
_aElectronic reproduction. _bPalo Alto, Calif. : _cebrary, _d2013. _nAvailable via World Wide Web. _nAccess may be limited to ebrary affiliated libraries. |
||
| 650 | 0 | _aEthics. | |
| 650 | 0 | _aConduct of life. | |
| 650 | 0 | _aLife. | |
| 650 | 0 | _aAgent (Philosophy) | |
| 650 | 0 | _aAct (Philosophy) | |
| 655 | 7 |
_aElectronic books. _2local |
|
| 710 | 2 | _aebrary, Inc. | |
| 856 | 4 | 0 |
_uhttp://site.ebrary.com/lib/rucke/Doc?id=10312792 _zAn electronic book accessible through the World Wide Web; click to view |
| 999 |
_c176530 _d176530 |
||